[Event "AUS-ch Minor"]
[Site "Cammeray"]
[Date "2011.01.06"]
[Round "5"]
[White "Schwandl, Hans"]
[Black "Stathos, Dimitrios"]
[Result "0-1"]
[WhiteElo "1448"]
[BlackElo "724"]
[PlyCount "122"]
[EventDate "2011.01.02"]
[EventType "swiss"]
[EventRounds "11"]
[EventCountry "AUS"]
[SourceTitle "EXT 2012"]
[Source "ChessBase"]
[SourceDate "2011.11.24"]
[SourceVersion "1"]
[SourceVersionDate "2011.11.24"]
[SourceQuality "1"]

1. e4 e5 2. Nc3 Nf6 3. Bc4 Nc6 4. a3 Nxe4 5. Bxf7+ Kxf7 6. Nxe4 d5 7. Nc3 Be7 8. Qf3+ Bf6 9. Qxd5+ Qxd5 10. Nxd5 Nd4 11. Nb4 c5 12. c3 Nb3 13. Nc2 Nxa1 14. Nxa1 Be6 15. Ne2 Bc4 16. Kd1 Rad8 17. Re1 Rd7 18. Kc2 Rhd8 19. b3 Bd3+ 20. Kb2 Rd6 21. Nc2 Rb6 22. Ne3 c4 23. b4 a5 24. Ng4 axb4 25. cxb4 e4+ 26. Nxf6 Kxf6 27. Kc3 Rbd6 28. Nf4 Re8 29. Re3 g5 30. Nh5+ Kg6 31. Ng3 h5 32. f3 Rde6 33. fxe4 Bxe4 34. Nxe4 Rxe4 35. b5 Rxe3+ 36. dxe3 g4 37. Kd4 h4 38. Kc5 Rf8 39. Bb2 Rf2 40. Be5 Rxg2 41. Kxc4 Kf5 42. Bf4 Ke4 43. a4 Kf3 44. a5 h3 45. Kc5 g3 46. Kb6 gxh2 47. Bxh2 Rxh2 48. Kxb7 Rg2 49. a6 Rg8 50. a7 h2 51. a8Q Rxa8 52. Kxa8 h1Q 53. b6 Kxe3+ 54. b7 Kd4 55. Ka7 Qh7 56. Ka8 Qe4 57. Ka7 Qe7 58. Ka8 Qa3+ 59. Kb8 Kd5 60. Kc8 Qa6 61. Kb8 Kc6 0-1